000 00964pam a2200301 a 4500
001 633320
005 20220104084432.0
008 930125s1993 miua b 001 0 eng
010 _a 93006748
020 _a0802806899
020 _a9780830898855
020 _a9780830826971
040 _aDLC
_cDLC
_dDLC
100 1 _aPeterson, David,
_d1944-
245 1 0 _aEngaging with God :
_ba biblical theology of worship /
_cDavid Peterson.
250 _a1st North American ed.
260 _aGrand Rapids, Mich. :
_bW.B. Eerdmans,
_c1993, c1992.
300 _a317 p. :
_bill. ;
_c23 cm.
336 _atext
337 _aunmediated
338 _avolume
504 _aIncludes bibliographical references and indexes.
630 0 0 _aBible
_xTheology.
650 0 _aWorship
_xBiblical teaching.
650 0 _aPublic worship
_xBiblical teaching.
856 _uhttps://drive.google.com/file/d/1S2ruu-T57h2msx8-SLd_YgTTiLZit2h0/view?usp=sharing
942 _2lcc
_cBK
999 _c46119
_d46119